000 00476nam a22001817a 4500
008 171218b xxu||||| |||| 00| e tur d
020 _a9753631235
041 _atur
050 _aPL243.A31
100 _aAğaoğlu, Adalet
_9907
245 _aKarşılaşmalar (1984-1992) : Deneme
250 _a1.Baskı
260 _aİstanbul
_bYapı Kredi Yayınları
_cŞubat 1993
300 _a231 Sayfa
500 _aEdebiyat17
650 0 _9145
_aTürk Edebiyatı
942 _2lcc
_cBK
999 _c1767
_d1742